<?xml version="1.0" encoding="UTF-8"?><?xml-stylesheet type="text/xsl" href="static/style.xsl"?><OAI-PMH xmlns="http://www.openarchives.org/OAI/2.0/" xmlns:xsi="http://www.w3.org/2001/XMLSchema-instance" xsi:schemaLocation="http://www.openarchives.org/OAI/2.0/ http://www.openarchives.org/OAI/2.0/OAI-PMH.xsd"><responseDate>2026-04-17T03:27:08Z</responseDate><request verb="GetRecord" identifier="oai:www.recercat.cat:2117/335940" metadataPrefix="marc">https://recercat.cat/oai/request</request><GetRecord><record><header><identifier>oai:recercat.cat:2117/335940</identifier><datestamp>2025-07-16T22:34:16Z</datestamp><setSpec>com_2072_1033</setSpec><setSpec>col_2072_452949</setSpec></header><metadata><record xmlns="http://www.loc.gov/MARC21/slim" xmlns:dcterms="http://purl.org/dc/terms/" xmlns:xsi="http://www.w3.org/2001/XMLSchema-instance" xmlns:doc="http://www.lyncode.com/xoai" xsi:schemaLocation="http://www.loc.gov/MARC21/slim http://www.loc.gov/standards/marcxml/schema/MARC21slim.xsd">
   <leader>00925njm 22002777a 4500</leader>
   <datafield ind2=" " ind1=" " tag="042">
      <subfield code="a">dc</subfield>
   </datafield>
   <datafield ind2=" " ind1=" " tag="720">
      <subfield code="a">Gausa Navarro, Manuel</subfield>
      <subfield code="e">author</subfield>
   </datafield>
   <datafield ind2=" " ind1=" " tag="720">
      <subfield code="a">Canessa, Nicola</subfield>
      <subfield code="e">author</subfield>
   </datafield>
   <datafield ind2=" " ind1=" " tag="720">
      <subfield code="a">Tucci, Giorgia</subfield>
      <subfield code="e">author</subfield>
   </datafield>
   <datafield ind2=" " ind1=" " tag="720">
      <subfield code="a">Ronco Milanaccio, Alessia</subfield>
      <subfield code="e">author</subfield>
   </datafield>
   <datafield ind2=" " ind1=" " tag="720">
      <subfield code="a">Pitanti, Matilde</subfield>
      <subfield code="e">author</subfield>
   </datafield>
   <datafield ind2=" " ind1=" " tag="720">
      <subfield code="a">Vercellino, Francesca</subfield>
      <subfield code="e">author</subfield>
   </datafield>
   <datafield ind2=" " ind1=" " tag="260">
      <subfield code="c">2020-09-28</subfield>
   </datafield>
   <datafield ind2=" " ind1=" " tag="520">
      <subfield code="a">During the last decades, the evolution of the urban-territorial city produced a combination of issues about the City-Nature and City-Nature-Landscape relation, such as the change of perspective between the urban, physical and social dimension and the agricultural-landscape system and agricultural-environmental system in the context within which the city redefines and develops itself. This change of perspective stabilized and manifested itself with the increasing awareness that agricultural and forestry spaces must develop a plural, structural, articulate and functional role; a role within which various forms of knowledge and regulations, various norms and sections of public policies are combined. To overcoming the opposition city-country, within which the suburban areas play a vital role - producing and creating function of complex value - a new model of integrated approach towards territorial policies and the geo-urban project is needed; a model able to adequately represents the different applications within the territory, specially in the middle or proto-metropolitan cities on the Mediterranean (Med-Net AgroCities) where the combination Heritage-Tourism-Agriculture-Environment is absolutely crucial but not always well developed in the sense of integrated systems or holistic gazes. This kind of approach focus on a matter that, from the planning point of view appears unavoidable and that refers to the need of integration between territorial and political planning and rural development plans that combine primary/tertiary activities and agricultural production. In this framework, the contribution wants to explore and to analyse the Med-Net AgroCities, with a transdisciplinary, transversal and integrated approach, presenting the theme through the theoretical and active experiences of the GicLab team.</subfield>
   </datafield>
   <datafield tag="653" ind2=" " ind1=" ">
      <subfield code="a">Àrees temàtiques de la UPC::Urbanisme</subfield>
   </datafield>
   <datafield tag="653" ind2=" " ind1=" ">
      <subfield code="a">Farm corporations -- Spain -- Llobregat (River)</subfield>
   </datafield>
   <datafield tag="653" ind2=" " ind1=" ">
      <subfield code="a">Farm corporations -- Italy -- Albenga</subfield>
   </datafield>
   <datafield tag="653" ind2=" " ind1=" ">
      <subfield code="a">Mediterranean</subfield>
   </datafield>
   <datafield tag="653" ind2=" " ind1=" ">
      <subfield code="a">AgroCities</subfield>
   </datafield>
   <datafield tag="653" ind2=" " ind1=" ">
      <subfield code="a">Urban Strategies</subfield>
   </datafield>
   <datafield tag="653" ind2=" " ind1=" ">
      <subfield code="a">Albenga</subfield>
   </datafield>
   <datafield tag="653" ind2=" " ind1=" ">
      <subfield code="a">Llobregat</subfield>
   </datafield>
   <datafield tag="653" ind2=" " ind1=" ">
      <subfield code="a">Parc Agrari del Baix Llobregat</subfield>
   </datafield>
   <datafield tag="653" ind2=" " ind1=" ">
      <subfield code="a">Parcs agrícoles -- Baix LLobregat</subfield>
   </datafield>
   <datafield tag="653" ind2=" " ind1=" ">
      <subfield code="a">Parcs agrícoles -- Itàlia -- Albenga</subfield>
   </datafield>
   <datafield ind2="0" ind1="0" tag="245">
      <subfield code="a">Med.Net AgroCities: proactive role in the Mediterranean system</subfield>
   </datafield>
</record></metadata></record></GetRecord></OAI-PMH>